Normal view
MARC view
Entry Personal Name
001 - CONTROL NUMBER
- control field: 264828
003 - CONTROL NUMBER IDENTIFIER
- control field: OSt
005 - DATE AND TIME OF LATEST TRANSACTION
- control field: 20260601115245.0
008 - FIXED-LENGTH DATA ELEMENTS
- fixed length control field: 260601|| aca||aabn | a|a d
040 ## - CATALOGING SOURCE
- Original cataloging agency: OSt
- Transcribing agency: OSt
100 ## - HEADING--PERSONAL NAME
- Personal name: MOHAN (G N).
- Dates associated with a name: ಜಿ. ಎನ್. ಮೋಹನ್
670 ## - SOURCE DATA FOUND
- Source citation: Work cat.: (OSt)100384: MOHAN (G N). ಜಿ. ಎನ್. ಮೋಹನ್, Dunkel prastavaneya belakinalli Satellite T V, 1995